000 00616cab a2200217 4500
001 WB2704-23
008 090401t1991 xxu||||| |||| 00| 0 eng d
035 _a(Sirsi) u11068
041 _aeng
245 _aBlight on the landscape
260 _c1991
350 _a0
490 _aDaily Telegraph
_vWeekend 19 January 1991, XXII(1)
520 _aReports on the problems faced by property owners in areas which British Coal and other companies wish to mine.
650 _aBLIGHT
650 _aMINING
650 _aPLANNING APPLICATIONS
690 _aMINING AND MINERALS
942 _n0
948 _c04/03/1997
999 _c7056
_d7056